| 000 | 01101cam a22003255a 4500 | ||
|---|---|---|---|
| 001 | 12966909 | ||
| 005 | 20170424113750.0 | ||
| 008 | 161024t2017 caua fr 001 0 eng d | ||
| 020 | _z9781491954324 | ||
| 035 | _a(OCoLC)ocn961139138 | ||
| 035 | _a12966909 | ||
| 037 |
_aCL0500000795 _bSafari Books Online |
||
| 040 |
_aUMI _beng _cUMI _dEG-ScBUE |
||
| 082 | 0 | 4 |
_a005.133 _bSCH _222 |
| 100 | 1 | _aSchwartz, Randal L. | |
| 245 | 1 | 0 |
_aLearning Perl : _bmaking easy things easy and hard things possible / _cRandal L. Schwartz, brian d foy, and Tom Phoenix. |
| 250 | _a7th ed. | ||
| 260 |
_aSebastopol : _bO'Reilly & Associates, _cc.2017. |
||
| 300 |
_a369 p. : _bill. ; _c24 cm. |
||
| 500 | _aIncludes index. | ||
| 650 | 7 |
_aPerl (Computer program language) _2BUEsh |
|
| 650 | 7 |
_aObject-oriented programming (Computer science) _2BUEsh |
|
| 651 | _2BUEsh | ||
| 653 |
_bCOMSCI _cApril2017 |
||
| 655 |
_vReading book _934232 |
||
| 700 | 1 | _aPhoenix, Tom. | |
| 700 | 1 | _aFoy, Brian D. | |
| 856 | 4 | 0 |
_yOnline book _uhttp://proquest.safaribooksonline.com/?uiCode=yaleu&xmlId=9781491954317 |
| 942 | _2ddc | ||
| 999 |
_c24699 _d24671 |
||